000 00490ntaaa2200181 4500
003 01
005 20251027201358.0
008 0714s1973 ag 01
040 _aAR-BaBN
_bspa
_cAR-BaBN
_eaacr
_dRIC
082 _a225.5500 L61
100 _aBiblia. N.T. Italiano. 1955
_912242
245 _aIl Nuovo Testamento con note spiegative
250 _a1 ed.
260 _aTorino :
_bLibrería Editrice Claudiana,
_c1955
300 _a600 p. ;
_c17 cm
500 _aEdición centenario
942 _cBK
999 _c8310
_d8310